00333 a2200121 450000100060000010000120000624500250001826000260004309000170006994200220008699900190010895200840012725676 aRoom, M aMasnavi Molana Room abSh Ghulam Alic1963 c17370d17370 aNUST-CAEcMc8192 c260749d260749 001040708NFICaCAEbCAEd2017-04-03l0pCAE17140r2017-04-05w2017-04-05yBK